000 00590nam a22001817a 4500
005 20251108172903.0
008 250721s2003 xx 000 0 ara d
082 1 4 _a213.63/قيم
100 1 _aابن قيم الجوزية، شمس الدين أبو عبد الله محمد
245 1 0 _aعدة الصابرين وذخيرة الشاكرين /
264 1 _aبيروت :
_bدار ابن حزم،
_c2003.
300 _a247 ص
650 1 7 _aالأحاديث
650 1 7 _aالفقخ الإسلامي
650 1 7 _aالأحكام الشرعية
942 _2ddc
_cBK
999 _c90960
_d90960